| Tag |
First Indicator |
Second Indicator |
Subfields |
| LEADER |
00000cam a2200000 a 4500 |
| 001 |
in00001503613 |
| 005 |
20151021090634.0 |
| 008 |
990723s1997 paua c 000 0 eng |
| 010 |
|
|
|a 97065378
|
| 020 |
|
|
|a 0764302019
|
| 035 |
|
|
|a (OCoLC)ocm37573745
|
| 035 |
|
|
|9 AJH6718AM
|
| 040 |
|
|
|a DLC
|c DLC
|d UtOrBLW
|
| 043 |
|
|
|a n-us---
|
| 049 |
|
|
|a TXAM
|
| 050 |
0 |
0 |
|a NK8475.M5
|b M28 1997
|
| 100 |
1 |
|
|a Marshall, John,
|d 1964-
|
| 245 |
1 |
0 |
|a GI Joe and other backyard heroes :
|b an unauthorized guide /
|c John Marshall.
|
| 246 |
0 |
|
|i Subtitle on cover:
|a 1970-1979, with values
|
| 264 |
|
1 |
|a Atglen, PA :
|b Schiffer Pub.,
|c [1997]
|
| 264 |
|
4 |
|c ©1997
|
| 300 |
|
|
|a 160 pages :
|b color illustrations ;
|c 28 cm.
|
| 336 |
|
|
|a text
|b txt
|2 rdacontent
|
| 337 |
|
|
|a unmediated
|b n
|2 rdamedia
|
| 338 |
|
|
|a volume
|b nc
|2 rdacarrier
|
| 490 |
1 |
|
|a A Schiffer book for collectors
|
| 610 |
2 |
0 |
|a Hasbro, Inc.
|x Catalogs.
|
| 650 |
|
0 |
|a G.I. Joe figures
|x Catalogs.
|
| 650 |
|
0 |
|a Action figures (Toys)
|z United States
|x Catalogs.
|
| 830 |
|
0 |
|a Schiffer book for collectors.
|
| 994 |
|
|
|a E0
|b TXA
|
| 999 |
|
|
|a MARS
|
| 999 |
f |
f |
|s c75acc9b-f104-3992-92ea-a0de8eb8d4e7
|i 0c5a470c-aefd-311f-b1b1-497d39ca2464
|t 0
|
| 952 |
f |
f |
|p noncirc
|a Texas A&M University
|b College Station
|c Cushing Memorial Library & Archives
|d Cushing: Ragan Military (Does not check out)
|t 0
|e NK8475.M5 M28 1997
|h Library of Congress classification
|i unmediated -- volume
|
| 998 |
f |
f |
|a NK8475.M5 M28 1997
|t 0
|l Cushing: Ragan Military (Does not check out)
|